|
|
|
|
| LEADER |
01532nam a22004091a 4500 |
| 001 |
EBC1118944 |
| 003 |
MiAaPQ |
| 005 |
20200520144314.0 |
| 006 |
m o d | |
| 007 |
cr cn||||||||| |
| 008 |
110629s2012 nmuab sb 001 0 eng d |
| 010 |
|
|
|z 2011026644
|
| 020 |
|
|
|z 0826351069
|
| 020 |
|
|
|z 0826351077
|
| 020 |
|
|
|z 9780826351067
|
| 020 |
|
|
|z 9780826351074
|
| 035 |
|
|
|a (MiAaPQ)EBC1118944
|
| 035 |
|
|
|a (Au-PeEL)EBL1118944
|
| 035 |
|
|
|a (CaPaEBR)ebr10547297
|
| 035 |
|
|
|a (CaONFJC)MIL394898
|
| 035 |
|
|
|a (OCoLC)784959313
|
| 040 |
|
|
|a MiAaPQ
|c MiAaPQ
|d MiAaPQ
|
| 050 |
|
4 |
|a HD9537.B53
|b B76 2012
|
| 082 |
0 |
4 |
|a 333.8098
|2 23
|
| 100 |
1 |
|
|a Brown, Kendall W.,
|d 1949-
|
| 245 |
1 |
2 |
|a A history of mining in Latin America
|h [electronic resource] :
|b from the colonial era to the present /
|c Kendall W. Brown.
|
| 260 |
|
|
|a Albuquerque :
|b University of New Mexico Press,
|c 2012.
|
| 300 |
|
|
|a xix, 257 p. :
|b ill., maps.
|
| 490 |
1 |
|
|a Dialogos series
|
| 504 |
|
|
|a Includes bibliographical references and index.
|
| 533 |
|
|
|a Electronic reproduction. Ann Arbor, MI : ProQuest, 2015. Available via World Wide Web. Access may be limited to ProQuest affiliated libraries.
|
| 650 |
|
0 |
|a Silver mines and mining
|z Bolivia
|z Potosi
|x History.
|
| 650 |
|
0 |
|a Mines and mineral resources
|z Latin America
|x History.
|
| 655 |
|
4 |
|a Electronic books.
|
| 710 |
2 |
|
|a ProQuest (Firm)
|
| 830 |
|
0 |
|a Dialogos (Albuquerque, N.M.)
|
| 856 |
4 |
0 |
|u https://ebookcentral.proquest.com/lib/matrademy/detail.action?docID=1118944
|z Click to View
|